• 首页
  • 本馆介绍
  • 公告通知
  • 最新文献
  • 馆藏检索
  • 电子资源
  • 读者导购
  • 参考咨询
  • 我的图书馆
  • 登录
  • 详细信息显示
  • 放入我的书架
  • 预约/预借图书
  • 作者相关作品
  • 分类相关作品
  • 丛书相关作品
  • 出版社相关作品

书目信息

  • 表格格式
  • 工作单格式
  • 卡片格式
题名:
化工企业常用标准选编 下
    
 
作者: ;全国化学标准化技术委员会有机分会 编
分册:  
出版信息: 北京   中国标准出版社  1999.11
页数: 878页
开本: 26cm
丛书名:
单 册:
中图分类: T-65
科图分类:
主题词: 工业技术--规程 , 工业技术--标准
电子资源:
ISBN: 7-5066-1978-4
000 00812nam0 2200217 450
001 0751388552
005 20080105114008.11
010    @a7-5066-1978-4@dCNY170.00
100    @a20071121d1999 km y0chiy0120 ea
101 0  @achi
102    @aCN@b110000
200 1  @a化工企业常用标准选编 下@Ahua gong qi ye chang yong biao zhun xuan bian xia@f全国化学标准化技术委员会有机分会,本社编@Fquan guo hua xue biao zhun hua ji shu wei yuan hui you ji fen hui,ben she bian
210    @a北京@c中国标准出版社@d1999.11
215    @a878页@d26cm
606 0  @a工业技术@x规程
606 0  @a工业技术@x标准
690    @aT-65@v4
711 02 @a全国化学标准化技术委员会有机分会@Aquan guo hua xue biao zhun hua ji shu wei yuan hui you ji fen hui@4编
801  0 @aCN@bNISOFT@c20080105
905    @aBZT@dT-65@e1-2
906    @dCNY170.00@n0@r1
    
    化工企业常用标准选编 下/全国化学标准化技术委员会有机分会,本社编.-北京:中国标准出版社,1999.11
    878页;26cm
    
    
    ISBN 7-5066-1978-4:CNY170.00
    
●
相关链接 在五车中查询图书 在当当中查询图书 在豆瓣中查询图书


正题名:化工企业常用标准选编 下     索取号:T-65/1-2         预约/预借

序号 登录号 条形码 馆藏地/架位号 状态 备注
1 626810   2000626810   中心书库中库/ 中库030架B面1列2层6/ [索取号:T-65/1-2] 在馆    
2 626811   2000626811   中心书库中库/ 中库030架B面1列2层1/ [索取号:T-65/1-2] 在馆    
3 626812   2000626812   中心书库中库/ 中库030架B面1列2层4/ [索取号:T-65/1-2] 在馆    
4 626813   2000626813   中心书库中库/ 中库030架B面1列2层3/ [索取号:T-65/1-2] 在馆    
5 626814   2000626814   中心书库中库/ 中库030架B面1列2层2/ [索取号:T-65/1-2] 在馆    
6 626815   2000626815   中心书库中库/ 中库030架B面1列2层8/ [索取号:T-65/1-2] 在馆    
7 626816   2000626816   中心书库中库/ 中库030架B面1列2层10/ [索取号:T-65/1-2] 在馆    
8 626817   2000626817   中心书库中库/ 中库030架B面1列2层9/ [索取号:T-65/1-2] 在馆    
9 626818   2000626818   中心书库中库/ 中库030架B面1列2层7/ [索取号:T-65/1-2] 在馆    
10 626819   2000626819   中心书库中库/ 中库030架B面1列2层5/ [索取号:T-65/1-2] 在馆    
山东省滨州职业学院图书馆 欢迎您!
大连网信软件有限公司© 版权所有